00752nam a2200289Ia 4500008004100000020001800041100001700059245001700076245002000093260001500113260002000128260000900148300001700157300001000174500005100184650001300235650001300248650003400261650003500295650001400330650002200344650002200366650002200388650002200410650002200432700000800454160803s9999 xx 000 0 und d a9780439159630 aGipson, Fred aOld Yeller / cby Fred Gipson. aNew York : bScholastic Inc. c1956 a117 pages ;  c18 cm aOriginally published: New York : Harper, 1956. aBoys --  aDogs --  aFrontier and pioneer life --  aHuman-animal relationships --  aTexas --  xJuvenile fiction. xJuvenile fiction. xJuvenile fiction. xJuvenile fiction. xJuvenile fiction. a910